Trójmiasto - prawda czy fałsz? - Statystyki

Ogólne statystyki
  • Ten quiz został rozwiązany 100 razy
    99 od ostatniego zresetowania
  • Średni wynik to 9 z 15
Statystyki odpowiedzi
Zagadnienie Odpowiedź % Poprawnych
Gdańsk jako jedne z trzech miast w Polsce posiada trolejbusy Fałsz
83%
Trójmiasto posiada jeden międzynarodowy port lotniczy - Port Lotniczy w Gdańsku im. Lecha Wałęsy Prawda
83%
Arka Gdynia jest jedynym klubem sportowym, który w sezonie 24/25 gra w piłkarskiej Ekstraklasie Fałsz
75%
Obrona Westerplatte trwała siedem dni Prawda
75%
Uniwersytet Gdański powstał w 1970r. w wyniku połączenia Wyższej Szkoły Ekonomicznej w Sopocie (założonej w 1945r.) i Wyższej Szkoły Pedagogicznej w Gdańsku (założonej w 1946r.) Prawda
72%
W granicach Trójmiasta znajduję się jeden Park Krajobrazowy Prawda
67%
Sopot ma największą gęstość zaludnienia ze wszystkich trzech miast Prawda
67%
Przy ulicy Juliusza Słowackiego w Gdańsku mieszka najwięcej ludzi w całym Trójmieście (dane na 2016r.) Fałsz
56%
Trójmiasto to tylko i wyłącznie pojęcie potoczne Fałsz
50%
Wzgórze Donas jest najwyższym wzniesieniem w całym Trójmieście Prawda
50%
W Trójmieście nie znajduje się żaden Park Narodowy Prawda
47%
Gdańsk jest jedynym miastem na którym czerwony jest głównym kolorem na fladze Prawda
47%
Ogniwo Sopot jest w najwyższej klasie rozgrywkowej w piłce nożnej ze wszystkich klubów z Sopotu Prawda
39%
Organ samorządu Gdyni zajmujący się organizacją i zarządzaniem pasażerskim zbiorowym transportem miejskim, nazywa się Zarząd Transportu Miejskiego w Gdyni Fałsz
33%
Trójmiasto jest położone tylko i wyłącznie nad Zatoką Gdańską Fałsz
28%
Nie znaleziono quizów pasujących do podanych kryteriów
Rozkład punktacji
Procent ludzi z każdym wynikiem
Percentyl według liczby udzielonych odpowiedzi
Twoja historia wyników
Nie rozwiązałeś tego quizu od ostatniego zresetowania